Cooperative path planning of unmanned aerial vehicles

সংরক্ষণ করুন:
গ্রন্থ-পঞ্জীর বিবরন
প্রধান লেখক: Tsourdos, Antonios (Author), White, Brian (Author), Shanmugavel, Madhavan (Author)
বিন্যাস: গ্রন্থ
ভাষা:ইংরেজি
প্রকাশিত: Chichester John Wiley and Sons 2011
সংস্করন:1a. ed
মালা:Aerospace Series List
বিষয়গুলি:
ট্যাগগুলো: ট্যাগ যুক্ত করুন
কোনো ট্যাগ নেই, প্রথমজন হিসাবে ট্যাগ করুন!

MARC

LEADER 00000cam a2200000 a 4500
001 UCC1418
003 CL-VaPUC
008 171025e20110000uk |||||||||||||||||eng|d
020 |a 9780470741290 
082 0 4 |a 629.8  |b TSO  |2 21 
100 0 |a Tsourdos, Antonios  |e author  |9 595502 
700 0 |a White, Brian  |e author  |9 595503 
700 0 |a Shanmugavel, Madhavan  |e author  |9 595504 
245 1 0 |a Cooperative path planning of unmanned aerial vehicles 
250 |a 1a. ed 
300 |a 190 p 
942 |c BK 
945 |d 20171025 21:08:00  |a dcastane 
260 |a Chichester  |b John Wiley and Sons  |c 2011 
650 0 |a Aeronaves  |9 381560 
650 0 |a Control automático  |9 259890 
650 0 |a Modelos matemáticos   |9 259437 
583 |a last modification  |c 20171025 21:08:00  |k Rodrigo Vera 
490 0 |a Aerospace Series List 
999 |c 369933  |d 369931 
952 |0 0  |1 0  |3 erd  |4 0  |6 629_800000000000000_TSO_2011  |7 0  |8 A  |9 486114  |a BIBING  |b BIBING  |i 5432650  |o 629.8 TSO 2011  |p 5432650  |r 2025-01-20  |w 2019-11-24  |y BK  |z Catalogado en:20171025  |k EII